[Event "MPL-1 Indian Chess Tour 2022"]
[Site "Online"]
[Date "2022.03.27"]
[Round "7.5"]
[White "Gukesh D"]
[Black "Erigaisi Arjun"]
[Result "0-1"]
[WhiteElo "2614"]
[BlackElo "2633"]
[Annotator "TA"]
[PlyCount "90"]
[EventDate "2022.03.30"]
[EventType "tourn"]
[EventCountry "NET"]
[SourceTitle "playchess.com"]
[Source "ChessBase"]
[SourceQuality "1"]

{[%evp 25,90,34,18,0,0,0,14,-8,0,-14,-20,-13,-13,-13,-10,-10,-10,-18,-15,-102,-41,-39,-33,-53,-16,-40,-43,-67,-41,-139,-134,-100,-108,-112,-105,-192,-204,-189,-129,-133,-135,-129,-129,-175,-175,-175,-175,-175,-175,-175,-175,-175,-175,-176,-135,-176,-146,-504,-488,-852,-852,-859,-731,-723,-716,-702,-674]} 1. d4 Nf6 2. c4 e6 3. Nf3 d5 4. Nc3 c5 5. cxd5 Nxd5 6. e4 Nxc3 7. bxc3 cxd4 8. cxd4 Bb4+ 9. Bd2 Bxd2+ 10. Qxd2 O-O 11. Bc4 Nd7 12. O-O b6 {[%cal Bb7b6,Bb6b5,Bb5b4][%mdl 32]} 13. Rfe1 Bb7 14. Re3 {D41: Queen's Gambit Declined: Semi-Tarrasch with 5 cxd5.} Rc8 15. Bb3 {[#]} b5 $5 $146 {[%mdl 8] New and interesting.} ({Predecessor:} 15... h6 16. Rae1 Qf6 17. d5 Nc5 18. e5 Qf4 19. d6 Bxf3 20. gxf3 f6 21. d7 Rcd8 22. Qd6 Kh8 23. Bxe6 fxe5 24. Bg4 Nxd7 25. Bxd7 Rf7 26. Rxe5 Rdxd7 27. Qg6 Rf8 28. R5e4 Qf6 {½-½ (28) Martirosyan,H (2622)-Xu,Y (2554) Tornelo INT 2021}) 16. Qd3 {The position is equal.} b4 17. Qb5 {[#]} Qb6 18. Qxb6 Nxb6 19. a3 $1 bxa3 20. h3 a5 21. Rxa3 a4 22. Ba2 (22. Bxa4 Nc4 23. Reb3 Nxa3 24. Rxb7 Nc4 $17) (22. Ne5 $1 $11) 22... Rc1+ (22... Nc4 $1 $17 {[%cal Rc4a3]} 23. Bxc4 Rxc4) 23. Kh2 $15 Rc2 $36 {[%mdl 2048] Inhibits Re2. White is under pressure.} 24. Kg3 g6 25. Ne1 Rd2 26. Nd3 Ba8 {&Nero is more active.} (26... Rd8 $5 {[%cal Rd8d4]} 27. Nc5 Bc6 $15) 27. d5 (27. Re1 $15) 27... exd5 $17 28. exd5 Bxd5 29. Bxd5 Nxd5 30. Re4 {[#]} (30. Re5 $17 Nb6 31. Re4) 30... Rc8 $1 $19 {Hoping for ...Rc3.} ({Inferior is} 30... Ra8 31. Ne1 $17) 31. Ne5 ({Of course not} 31. Rexa4 Nc3 32. Ne5 Nxa4 33. Rxa4 Rcc2 $19) 31... Rc3+ (31... Rcc2 $19 32. Rc4 f6 33. Rxc2 Rxc2) 32. Rxc3 $17 Nxc3 {[%mdl 4096] Endgame KRN-KRN} 33. Rc4 Ne2+ 34. Kf3 (34. Kh2 $17 {might work better.}) 34... a3 $19 {[%cal Ba4a3,Ba3a2][%mdl 32]} 35. Ra4 a2 36. Nc4 Rc2 37. Ne3 Ng1+ 38. Kg3 {[#]} Rb2 {White must now prevent ...Ne2+.} 39. Nc4 {[#]} Rb4 $3 {[%mdl 512]} 40. Ra8+ (40. Rxa2 Rxc4) 40... Kg7 {...Ne2+ is the strong threat.} 41. Ne3 $2 {[%mdl 8192] Loses the game.} (41. Rxa2 $17 {was the crucial defense.} Rxc4 42. f3) 41... Ne2+ {Black is clearly winning.} 42. Kf3 (42. Kh2 $142 Nc1 43. g4) 42... Nc3 43. Ra3 {[#]} Rb1 $1 44. Nc2 {[#]} Rc1 $1 45. Rxc3 {[#]} Rxc2 $1 {[%mdl 576] Remove Defender.  Weighted Error Value: White=0.48/Black=0.11 (very precise)} 0-1

[Event "MPL-1 Indian Chess Tour 2022"]
[Site "Online"]
[Date "2022.03.31"]
[Round "7.6"]
[White "Sadhwani, Raunak"]
[Black "Sankalp Gupta"]
[Result "1-0"]
[WhiteElo "2616"]
[BlackElo "2536"]
[Annotator "TA"]
[PlyCount "57"]
[EventDate "2022.03.30"]
[EventType "tourn"]
[EventCountry "NET"]
[SourceTitle "playchess.com"]
[Source "ChessBase"]
[SourceQuality "1"]

{[%evp 15,57,27,29,26,31,34,35,12,46,8,17,9,31,33,43,17,100,112,358,373,359,346,400,409,429,435,477,419,670,625,866,866,842,822,828,828,1085,1094,1109,992,29992,1362,1765,1691]} 1. d4 d5 2. Nf3 Nf6 3. c4 dxc4 4. e3 e6 5. Bxc4 a6 6. O-O c5 7. dxc5 Bxc5 8. Qxd8+ Kxd8 9. Be2 {D27: Queen's Gambit Accepted: Classical main line: 7 e4!? and 7 a4.} Ke7 10. Nc3 Nc6 11. Nd2 {[%cal Bf3d2,Bd2b3,Bb3a5][%mdl 32] White is slightly better.} b5 {Against Na4} 12. a4 b4 13. Nce4 Ba7 14. Nxf6 gxf6 {[#]} 15. Nb3 $146 {Prevents Na5.} ({Predecessor:} 15. Bf3 Bb7 16. Nb3 Rhd8 17. Bd2 Rd3 18. Bxc6 Bxc6 19. Bxb4+ Ke8 20. Na5 Bd5 21. Rac1 {1-0 (63) Landa,K (2640)-Oganian,M (2290) Sochi 2012}) 15... Bb7 (15... a5 $1 $11) 16. Bd2 $36 {[%cal Ob3a5][%mdl 2048] White is in control.} a5 $2 {[#] Loses the game.} (16... Rhg8 $16) 17. Nxa5 $1 $18 {[%mdl 512]} Nxa5 18. Bxb4+ Ke8 {[%cal Oh8g8]} 19. Bxa5 Rg8 20. g3 ({Less strong is} 20. Bb5+ Kf8 21. Bb4+ Kg7 $18) 20... h5 21. Rac1 {Against Bc5} h4 (21... Kf8 $142 22. Rc7 Be4 23. Bxh5 Rg5 24. Bb4+ (24. Rxf7+ Kg8 $16) (24. Bxf7 Rxa5 25. Bxe6 Rxa4 $11) 24... Kg7 25. Bxf7 Bb6) 22. Bb4 {[#] aiming for Rc7.} hxg3 23. Bb5+ Kd8 24. Ba5+ Ke7 25. Rc7+ Kd6 26. Rxb7 gxh2+ 27. Kh1 {Rd7+ would kill now.} Rg6 28. Bc7+ (28. Rd7+ $142 Ke5 29. Bd3 Rg1+ 30. Rxg1 hxg1=Q+ 31. Kxg1 Rg8+ 32. Kf1 Rg1+ 33. Kxg1 f5 34. Bc3+ Bd4 35. Bxd4#) 28... Kd5 29. Rd1+ {Weighted Error Value: White=0.17 (very precise) /Black=1.09} 1-0

[Event "MPL-1 Indian Chess Tour 2022"]
[Site "Online"]
[Date "2022.03.27"]
[Round "7.8"]
[White "Iniyan, P."]
[Black "Lalith Babu M R"]
[Result "1-0"]
[WhiteElo "2516"]
[BlackElo "2563"]
[Annotator "TA"]
[PlyCount "53"]
[EventDate "2022.03.30"]
[EventType "tourn"]
[EventCountry "NET"]
[SourceTitle "playchess.com"]
[Source "ChessBase"]
[SourceQuality "1"]

{[%evp 17,53,14,12,7,30,25,38,12,22,10,37,-24,48,42,52,52,36,43,50,53,64,57,50,34,87,18,102,111,199,209,211,210,268,293,587,345,727,247]} 1. d4 Nf6 2. c4 e6 3. Nc3 Bb4 4. e3 O-O 5. Bd3 b6 6. Nf3 Bb7 7. O-O c5 8. Na4 cxd4 9. exd4 Re8 10. a3 {E43: Nimzo-Indian: Rubinstein: 4...b6.} Be7 11. Re1 d6 12. b4 {White is slightly better.} Nbd7 13. Bb2 Nf8 {[#]} 14. c5 $146 (14. Rc1 $14) ({Predecessor:} 14. Nc3 Ng6 15. g3 Rc8 16. d5 exd5 17. cxd5 Bf8 18. Qb3 Rxe1+ 19. Rxe1 Ne7 {½-½ (19) Lengyel,L-Csom,I Kecskemet 1968}) 14... Nd5 (14... N8d7 $11) 15. Bb5 $14 Rc8 {Prevents c6.} 16. Bxe8 Qxe8 17. Rc1 Ng6 18. cxb6 {Black must now prevent Rxc8.} Rxc1 19. Bxc1 axb6 20. Nb2 Qc6 {[#]} (20... b5 $14) 21. Nd3 ({Better is} 21. Bd2 $1 $16) 21... Nc3 (21... b5 $11) 22. Qc2 $16 Nh4 {[#]} (22... b5 $16) 23. Nxh4 $1 $18 Bxh4 {[%csl Gb7][%cal Rc6g2] A strong pair of Bishops.} 24. Nf4 g5 25. d5 exd5 (25... Qc4) 26. Nh5 d4 $2 {[#]} (26... Ne4 27. Qxc6 Bxf2+ 28. Kf1 Bxc6) 27. Re8+ $1 {[%mdl 512] Weighted Error Value: White=0.30/Black=0.53} 1-0

[Event "MPL-1 Indian Chess Tour 2022"]
[Site "Online"]
[Date "2022.03.27"]
[Round "8.1"]
[White "Sethuraman, S.P."]
[Black "Lalith Babu M R"]
[Result "0-1"]
[WhiteElo "2619"]
[BlackElo "2563"]
[Annotator "ChessBase"]
[PlyCount "98"]
[EventDate "2022.03.30"]
[EventType "tourn"]
[EventCountry "NET"]
[SourceTitle "playchess.com"]
[Source "ChessBase"]
[SourceQuality "1"]
[TimeControl "5400+30"]

1. e4 {[%emt 1:15:40]} g6 {[%emt 1:15:40]} 2. d4 {[%emt 0:00:22]} Bg7 {[%emt 0:00:21]} 3. Nc3 {[%emt 0:00:20]} c6 {[%emt 0:00:21]} 4. f4 {[%emt 0:00:22]} d5 {[%emt 0:00:21]} 5. e5 {[%emt 0:00:22]} Qb6 {[%emt 0:00:21]} 6. Nf3 {[%emt 0:00:29]} Bg4 {[%emt 0:00:21]} 7. Be2 {[%emt 0:00:41]} Nh6 {[%emt 0:00:21]} 8. Na4 {[%emt 0:00:41]} Qa5+ {[%emt 0:00:23]} 9. c3 {[%emt 0:00:22]} Nd7 {[%emt 0:00:21]} 10. b4 {[%emt 0:00:49]} Qc7 {[%emt 0:00:22]} 11. Be3 {[%emt 0:00:22]} b5 {[%emt 0:01:53]} 12. Nb2 {[%emt 0:00:46]} Nf5 {[%emt 0:02:46]} 13. Bf2 {[%emt 0:00:23]} h5 {[%emt 0:00:25]} 14. e6 {[%emt 0:02:19]} fxe6 {[%emt 0:00:23]} 15. Nd3 {[%emt 0:01:03]} Bxf3 {[%emt 0:00:30]} 16. Bxf3 {[%emt 0:00:20]} a5 {[%emt 0:00:21]} 17. a3 {[%emt 0:00:35]} axb4 {[%emt 0:00:23]} 18. axb4 {[%emt 0:00:24]} O-O {[%emt 0:00:21]} 19. O-O {[%emt 0:00:44]} Qd6 {[%emt 0:03:06]} 20. Qe2 {[%emt 0:00:31]} Rfb8 {[%emt 0:01:00]} 21. g3 {[%emt 0:00:39]} Nb6 {[%emt 0:01:14]} 22. Rfe1 {[%emt 0:01:28]} Rxa1 {[%emt 0:00:30]} 23. Rxa1 {[%emt 0:00:22]} Na4 {[%emt 0:00:25]} 24. Qd2 {[%emt 0:00:37]} Rf8 {[%emt 0:00:27]} 25. Re1 {[%emt 0:01:17]} Kh7 {[%emt 0:00:45]} 26. Bd1 {[%emt 0:00:39]} Ra8 {[%emt 0:01:02]} 27. Bc2 {[%emt 0:00:54]} Qd7 {[%emt 0:01:34]} 28. h3 {[%emt 0:00:48]} Rf8 {[%emt 0:01:25]} 29. g4 {[%emt 0:02:30]} hxg4 {[%emt 0:00:22]} 30. hxg4 {[%emt 0:00:20]} Nh6 {[%emt 0:00:21]} 31. Ne5 {[%emt 0:01:24]} Bxe5 {[%emt 0:00:21]} 32. Rxe5 {[%emt 0:00:23]} Nf7 {[%emt 0:00:26]} 33. Rh5+ {[%emt 0:01:45]} Kg7 {[%emt 0:00:22]} 34. Qd3 {[%emt 0:00:27]} Rg8 {[%emt 0:00:29]} 35. Rh3 {[%emt 0:01:21]} Kf8 {[%emt 0:00:22]} 36. Qe2 {[%emt 0:00:25]} Nd6 {[%emt 0:00:52]} 37. Qe5 {[%emt 0:01:00]} Nf7 {[%emt 0:00:48]} 38. Qb8+ {[%emt 0:00:29]} Kg7 {[%emt 0:00:22]} 39. Qxg8+ {[%emt 0:01:35]} Kxg8 {[%emt 0:00:26]} 40. Bxg6 {[%emt 0:00:21]} Qd6 {[%emt 0:00:23]} 41. Rf3 {[%emt 0:01:07]} Qd8 {[%emt 0:00:47]} 42. Re3 {[%emt 0:00:34]} Qf8 {[%emt 0:02:07]} 43. f5 {[%emt 0:02:21]} exf5 {[%emt 0:00:27]} 44. Bxf5 {[%emt 0:00:25]} Ng5 {[%emt 0:00:35]} 45. Bg3 {[%emt 0:00:38]} e6 {[%emt 0:01:18]} 46. Bc2 {[%emt 0:00:31]} Qh6 {[%emt 0:00:23]} 47. Kf2 {[%emt 0:01:10]} Nxc3 {[%emt 0:00:50]} 48. Rxc3 {[%emt 0:00:39]} Ne4+ {[%emt 0:00:21]} 49. Bxe4 {[%emt 0:00:23]} Qd2+ {[%emt 0:00:22]} 0-1

[Event "MPL-1 Indian Chess Tour 2022"]
[Site "Online"]
[Date "2022.03.27"]
[Round "8.2"]
[White "Puranik, Abhimanyu"]
[Black "Iniyan, P."]
[Result "1-0"]
[WhiteElo "2618"]
[BlackElo "2516"]
[Annotator "ChessBase"]
[PlyCount "101"]
[EventDate "2022.03.30"]
[EventType "tourn"]
[EventCountry "NET"]
[SourceTitle "playchess.com"]
[Source "ChessBase"]
[SourceQuality "1"]
[TimeControl "5400+30"]

1. d4 {[%emt 1:15:40]} Nf6 {[%emt 1:15:40]} 2. Nf3 {[%emt 0:00:22]} e6 {[%emt 0:00:22]} 3. Bf4 {[%emt 0:00:21]} b6 {[%emt 0:00:22]} 4. e3 {[%emt 0:00:22]} Bb7 {[%emt 0:00:21]} 5. h3 {[%emt 0:00:25]} Be7 {[%emt 0:00:21]} 6. Nbd2 {[%emt 0:00:21]} O-O {[%emt 0:00:22]} 7. Be2 {[%emt 0:00:23]} c5 {[%emt 0:00:31]} 8. O-O {[%emt 0:00:25]} Ba6 {[%emt 0:02:21]} 9. c4 {[%emt 0:00:57]} Nc6 {[%emt 0:00:52]} 10. dxc5 {[%emt 0:00:46]} bxc5 {[%emt 0:00:26]} 11. Ne5 {[%emt 0:00:21]} Nxe5 {[%emt 0:01:10]} 12. Bxe5 {[%emt 0:00:21]} d6 {[%emt 0:00:20]} 13. Bc3 {[%emt 0:00:26]} Rb8 {[%emt 0:00:47]} 14. Re1 {[%emt 0:01:13]} Bb7 {[%emt 0:01:07]} 15. Qc2 {[%emt 0:00:23]} Qb6 {[%emt 0:00:26]} 16. Bd3 {[%emt 0:00:27]} h6 {[%emt 0:01:39]} 17. Nf1 {[%emt 0:00:45]} Qc6 {[%emt 0:00:43]} 18. e4 {[%emt 0:00:33]} Nd7 {[%emt 0:00:25]} 19. f4 {[%emt 0:01:00]} Bf6 {[%emt 0:00:52]} 20. e5 {[%emt 0:00:42]} Bh4 {[%emt 0:00:26]} 21. Re2 {[%emt 0:00:39]} d5 {[%emt 0:00:48]} 22. cxd5 {[%emt 0:02:06]} exd5 {[%emt 0:00:20]} 23. b3 {[%emt 0:01:42]} Rfe8 {[%emt 0:01:07]} 24. Be1 {[%emt 0:01:03]} Bd8 {[%emt 0:02:48]} 25. Ne3 {[%emt 0:00:25]} Bb6 {[%emt 0:01:45]} 26. Kh2 {[%emt 0:00:32]} Bc7 {[%emt 0:00:24]} 27. Rd1 {[%emt 0:00:51]} d4 {[%emt 0:03:17]} 28. Nf5 {[%emt 0:01:18]} Kh8 {[%emt 0:00:22]} 29. Bg3 {[%emt 0:00:54]} f6 {[%emt 0:01:39]} 30. Rde1 {[%emt 0:02:48]} fxe5 {[%emt 0:00:49]} 31. fxe5 {[%emt 0:00:33]} Re6 {[%emt 0:02:00]} 32. Bc4 {[%emt 0:00:52]} Ba6 {[%emt 0:00:22]} 33. Bxe6 {[%emt 0:01:34]} Qxe6 {[%emt 0:00:20]} 34. Rf2 {[%emt 0:00:31]} Ba5 {[%emt 0:00:30]} 35. Re4 {[%emt 0:01:32]} d3 {[%emt 0:00:50]} 36. Qd1 {[%emt 0:00:25]} Rf8 {[%emt 0:00:21]} 37. Nd6 {[%emt 0:01:32]} Rxf2 {[%emt 0:00:22]} 38. Bxf2 {[%emt 0:00:20]} Nxe5 {[%emt 0:00:37]} 39. Bg3 {[%emt 0:01:06]} Qxd6 {[%emt 0:01:04]} 40. Bxe5 {[%emt 0:00:28]} Qd7 {[%emt 0:00:22]} 41. Qh5 {[%emt 0:01:44]} Bc7 {[%emt 0:01:00]} 42. Bxc7 {[%emt 0:00:57]} Qxc7+ {[%emt 0:00:20]} 43. Kg1 {[%emt 0:00:24]} Bb5 {[%emt 0:00:26]} 44. a4 {[%emt 0:00:50]} Bc6 {[%emt 0:00:47]} 45. Qxc5 {[%emt 0:00:29]} d2 {[%emt 0:00:20]} 46. Rd4 {[%emt 0:00:40]} Qg3 {[%emt 0:00:22]} 47. Rd8+ {[%emt 0:00:35]} Be8 {[%emt 0:00:23]} 48. Rxe8+ {[%emt 0:00:21]} Kh7 {[%emt 0:00:20]} 49. Qf5+ {[%emt 0:00:21]} Qg6 {[%emt 0:00:21]} 50. Qxg6+ {[%emt 0:00:21]} Kxg6 {[%emt 0:00:22]} 51. Rd8 {[%emt 0:00:20]} 1-0

[Event "MPL-1 Indian Chess Tour 2022"]
[Site "Online"]
[Date "2022.03.27"]
[Round "8.3"]
[White "Sankalp Gupta"]
[Black "Gupta, Abhijeet"]
[Result "1/2-1/2"]
[WhiteElo "2536"]
[BlackElo "2628"]
[Annotator "TA"]
[PlyCount "172"]
[EventDate "2022.03.30"]
[EventType "tourn"]
[EventCountry "NET"]
[SourceTitle "playchess.com"]
[Source "ChessBase"]
[SourceQuality "1"]

{[%evp 20,172,18,19,22,0,0,0,16,-25,-19,-16,-4,-25,-25,-28,-37,-43,-26,-30,-33,-101,-97,-86,-86,-92,-87,-90,-81,-69,-65,-63,-47,-60,-61,-66,-49,-53,-53,-53,-53,-53,-53,-55,-49,-63,-48,-63,-63,-63,-25,-68,-63,-90,-64,-63,-64,-64,-64,-64,-43,-90,-90,-90,-90,-91,-69,-70,-43,-43,-43,-43,-43,-43,-43,-43,-28,-43,-20,-27,-27,-27,0,-28,0,0,0,0,0,-4,0,-4,0,-14,-17,-28,-20,-20,0,-28,0,-35,-28,-35,0,-35,-35,-35,-35,-35,-27,-35,-35,-35,-35,-35,-28,-35,-35,-35,0,0,0,0,0,0,0,0,0,0,0,0,0,0,0,0,0,0,0,0,0,0,0,0,-28000,-28000,-28000,-28000,-28000,-28000,-28000,-28000,-28000,-28000,-28000]} 1. d4 Nf6 2. c4 g6 3. Nc3 d5 4. cxd5 Nxd5 5. e4 Nxc3 6. bxc3 Bg7 7. Qa4+ Qd7 8. Qa3 b6 9. Nf3 Bb7 10. Bd3 O-O 11. O-O c5 12. Rd1 e6 13. Be3 Qc7 14. dxc5 Nd7 15. cxb6 axb6 16. Qb3 Nc5 17. Bxc5 Qxc5 18. Rab1 Rfd8 19. Nd4 $1 Rd6 20. Nb5 ({White should try} 20. Qc2 $15) 20... Rxd3 $17 21. Rxd3 Bxe4 22. Rbd1 Bxd3 23. Rxd3 Bf8 24. g3 Qf5 25. Rd2 Bc5 26. Nd4 Qe4 27. Qc2 Qb7 28. Nb3 Be7 29. h4 Rc8 (29... Qc6 {keeps more tension.} 30. Qd3 Kg7 31. c4 Ra4) 30. Qd3 Qc6 31. Rc2 h5 32. c4 Bb4 33. Qe2 Rd8 34. Rc1 Rd7 35. Rc2 e5 36. Rc1 e4 37. Rd1 $1 Rxd1+ 38. Qxd1 e3 39. fxe3 Bd6 40. Kf2 (40. Nd4 $1 $15 Qxc4 41. Ne2) 40... Qc7 $17 41. Qf3 Qxc4 42. Kg2 Kg7 43. Qf2 Be5 44. Nd4 b5 45. Nf3 Bf6 46. Qd2 b4 47. Kf2 Qe4 48. Qe2 Qb1 49. Qc4 Qb2+ 50. Kf1 Qb1+ 51. Kf2 Bc3 52. Ng5 Qf5+ 53. Kg2 Qd7 54. Nf3 Qb7 55. Kf2 Qe7 56. Ke2 Bf6 57. Kf2 Qd6 58. Kg2 Be7 59. Kf2 Qc5 60. Qb3 Bf6 61. Qd3 Be7 62. Qb3 Qc7 63. Nd4 Bd6 64. Ne2 Bc5 65. Nf4 Qe5 66. Kf3 Qa1 67. Kf2 Qc1 68. Ne2 Qd2 69. Kf3 $1 Qe1 70. Qb2+ Kg8 71. Qc1 Qxc1 72. Nxc1 Kf8 73. Nd3 Bd6 74. g4 hxg4+ 75. Kxg4 Ke7 76. h5 gxh5+ 77. Kxh5 Ke6 78. e4 Be7 79. Kg4 Kd7 80. Kf5 Kc6 81. Nxb4+ $2 {[%mdl 8192]} (81. Ke5 $11) 81... Bxb4 82. Kf6 Bc3+ 83. Kxf7 Kd6 84. a4 Ke5 85. a5 Bxa5 86. Ke7 Kxe4 1/2-1/2

[Event "MPL-1 Indian Chess Tour 2022"]
[Site "Online"]
[Date "2022.03.31"]
[Round "8.4"]
[White "Erigaisi Arjun"]
[Black "Sadhwani, Raunak"]
[Result "1/2-1/2"]
[WhiteElo "2633"]
[BlackElo "2616"]
[Annotator "TA"]
[PlyCount "81"]
[EventDate "2022.03.30"]
[EventType "tourn"]
[EventCountry "NET"]
[SourceTitle "playchess.com"]
[Source "ChessBase"]
[SourceQuality "1"]

{[%evp 9,81,1,4,-10,0,-7,25,16,17,22,21,8,4,0,0,0,0,0,0,0,0,0,0,0,0,0,0,0,0,0,0,0,0,0,0,0,0,0,36,0,0,0,14,14,38,0,6,20,12,0,0,0,0,0,0,0,0,0,0,0,0,0,0,0,0,0,0,0,0,0,0,0,0,0]} 1. d4 Nf6 2. Bf4 d5 3. e3 {[%cal Be2e3,Be3e4,Be4e5][%mdl 32]} e6 4. Nd2 c5 5. c3 Bd6 6. Bg3 {D00: 1 d4 d5: Unusual lines.} O-O 7. Bd3 b6 {7...Qc7 is setting a new trend.} 8. e4 {[#] And now e5 would win. White has an edge.} Be7 9. e5 Nfd7 10. Qh5 {[%csl Gd3][%cal Rh5h7]} g6 11. Qe2 cxd4 12. cxd4 Nc6 13. Ngf3 Nb4 14. O-O Nxd3 15. Qxd3 a5 {Threatens to win with ...Ba6.} 16. Rfc1 Ba6 17. Qe3 {[#]} Rc8 $146 ({Predecessor:} 17... Re8 18. h4 h5 19. Bf4 Rc8 20. Bg5 Bxg5 21. Nxg5 Qe7 22. a3 Nf8 23. Ndf3 Rxc1+ 24. Rxc1 {½-½ (58) Grachev,B (2673)-Malakhov,V (2696) Moscow 2014}) 18. Bf4 Rxc1+ 19. Rxc1 Qb8 20. Bg5 Bxg5 21. Qxg5 Rc8 22. Rxc8+ Qxc8 23. h4 Qf8 24. Nb1 {[%cal Bd2b1,Bb1c3,Bc3d1,Bd1e3][%mdl 32]} h6 25. Qd2 Kg7 26. Nc3 Qe7 27. Qf4 b5 {The position is equal.} 28. Nd1 b4 29. Ne3 {[#] Strongly threatening Ng4.} h5 {Inhibits Ng4.} 30. g4 Be2 31. Ng5 Bxg4 32. Nxg4 hxg4 33. Qxg4 Nf8 34. h5 Kh6 {[%csl LRg5,LRh5]} 35. hxg6 Nxg6 (35... Qxg5 $2 36. Qxg5+ Kxg5 37. g7 $18) 36. Nf3 a4 37. Kh2 Kg7 38. Ng5 Kh6 39. Nf3 Kg7 40. Ng5 Kh6 41. Nf3 {A balanced but interesting game.  Weighted Error Value: White=0.04 (flawless) /Black=0.04 (flawless)} 1/2-1/2

[Event "MPL-1 Indian Chess Tour 2022"]
[Site "Online"]
[Date "2022.03.27"]
[Round "8.6"]
[White "Harika, Dronavalli"]
[Black "Aryan Chopra"]
[Result "1/2-1/2"]
[WhiteElo "2517"]
[BlackElo "2585"]
[Annotator "TA"]
[PlyCount "95"]
[EventDate "2022.03.30"]
[EventType "tourn"]
[EventCountry "NET"]
[SourceTitle "playchess.com"]
[Source "ChessBase"]
[SourceQuality "1"]

{[%evp 24,95,25,20,22,27,24,0,0,-12,-15,-20,-19,-37,0,0,8,0,0,-9,-4,-15,0,-6,0,0,0,0,0,0,0,0,0,0,0,0,-7,-14,-14,-14,-2,-32,0,-6,0,-29,0,-43,0,0,358,0,0,0,0,-43,-43,-43,-6,-12,-6,-9,0,-21,-9,-10,0,-33,0,-10,-10,-97,0,-28]} 1. e4 c6 2. d4 d5 3. exd5 cxd5 4. Bd3 Nc6 5. c3 Nf6 6. Bf4 Bg4 7. Qb3 Qd7 8. Nd2 e6 9. Ngf3 Bd6 10. Bxd6 Qxd6 11. O-O O-O 12. Rae1 Bxf3 13. Nxf3 Qc7 $1 {[%mdl 4] is more profitable than 13...Rab8 at the moment. B13: Caro-Kann: Exchange Variation and Panov-Botvinnik Attack.} 14. Qc2 Rab8 15. Ne5 Rfc8 {[%cal Oc6d4]} 16. Qe2 Nxe5 17. dxe5 Nd7 18. f4 Re8 (18... g6 {keeps more tension.} 19. a3 b5 20. g4 a5) 19. Kh1 {[#]} Rbd8 $146 ({Predecessor:} 19... Nc5 20. Bb1 b5 21. Rf3 g6 22. Qd2 a5 23. Rh3 Nd7 24. Bc2 Nf8 25. Rd3 Rec8 {½-½ (47) Semeniuk,A (2464)-Yevseev,D (2548) Ekaterinburg 2002}) 20. Rf3 Nc5 21. Rd1 Nxd3 22. Qxd3 Qc4 23. a3 Qxd3 24. Rfxd3 $11 {[%cal Oc3c4][%mdl 4096] Endgame KRR-KRR} Rc8 25. Rd4 Kf8 26. Kg1 Ke7 27. Kf2 Rc5 28. Ke3 Rec8 29. g4 h5 30. g5 g6 31. h4 a5 32. R1d3 Kd7 33. Kd2 R8c6 34. Kc2 Kc7 35. Rd1 Rb6 36. R1d2 Rcb5 $2 {[%mdl 8192] [#]} (36... Rbc6 $11 {and Black is okay.}) 37. Kb1 $2 ({White must play} 37. b4 $1 $18) 37... Rc5 {aiming for ...Rxc3.} 38. Kc2 Rbc6 39. Rd1 b5 40. R1d3 Kb6 41. b3 Ka6 42. Kb2 Rc7 43. Re3 Rb7 44. Red3 Rbc7 45. Re3 Rb7 46. Red3 Rc8 47. Rd2 {[#]} (47. a4 $11) 47... Rc5 (47... a4 $1 $17) 48. R2d3 {Weighted Error Value: White=0.23 (precise) /Black=0.31} 1/2-1/2

[Event "MPL-1 Indian Chess Tour 2022"]
[Site "Online"]
[Date "2022.03.27"]
[Round "8.7"]
[White "Ganguly, Surya Shekhar"]
[Black "Karthikeyan, Murali"]
[Result "0-1"]
[WhiteElo "2627"]
[BlackElo "2622"]
[Annotator "ChessBase"]
[PlyCount "89"]
[EventDate "2022.03.30"]
[EventType "tourn"]
[EventCountry "NET"]
[SourceTitle "playchess.com"]
[Source "ChessBase"]
[SourceQuality "1"]
[TimeControl "5400+30"]

1. Nf3 {[%emt 1:15:40]} Nf6 {[%emt 1:15:40]} 2. c4 {[%emt 0:00:23]} g6 {[%emt 0:00:29]} 3. Nc3 {[%emt 0:00:24]} Bg7 {[%emt 0:00:23]} 4. e4 {[%emt 0:00:28]} d6 {[%emt 0:00:21]} 5. d4 {[%emt 0:00:21]} O-O {[%emt 0:00:22]} 6. Be2 {[%emt 0:00:24]} e5 {[%emt 0:00:23]} 7. O-O {[%emt 0:00:31]} Na6 {[%emt 0:00:22]} 8. Re1 {[%emt 0:00:39]} exd4 {[%emt 0:01:07]} 9. Nxd4 {[%emt 0:00:22]} Re8 {[%emt 0:00:21]} 10. Bf1 {[%emt 0:01:49]} c6 {[%emt 0:00:34]} 11. f3 {[%emt 0:02:03]} Qb6 {[%emt 0:02:59]} 12. Na4 {[%emt 0:01:26]} Qc7 {[%emt 0:00:47]} 13. Bg5 {[%emt 0:00:53]} Nc5 {[%emt 0:00:44]} 14. Nxc5 {[%emt 0:04:57]} dxc5 {[%emt 0:00:20]} 15. Ne2 {[%emt 0:00:20]} Nd7 {[%emt 0:01:08]} 16. Bf4 {[%emt 0:00:42]} Qb6 {[%emt 0:00:55]} 17. Rb1 {[%emt 0:00:27]} Nf8 {[%emt 0:00:40]} 18. Be3 {[%emt 0:00:37]} Ne6 {[%emt 0:01:14]} 19. b4 {[%emt 0:00:36]} Qa6 {[%emt 0:01:50]} 20. bxc5 {[%emt 0:00:28]} Qxa2 {[%emt 0:01:02]} 21. Qc1 {[%emt 0:00:21]} Qa5 {[%emt 0:00:45]} 22. Ng3 {[%emt 0:03:24]} Nxc5 {[%emt 0:00:33]} 23. Bh6 {[%emt 0:00:21]} Qc3 {[%emt 0:01:02]} 24. Qg5 {[%emt 0:00:45]} Ne6 {[%emt 0:01:41]} 25. Qh4 {[%emt 0:01:16]} Bxh6 {[%emt 0:02:02]} 26. Qxh6 {[%emt 0:00:22]} Qe5 {[%emt 0:00:23]} 27. Qc1 {[%emt 0:00:47]} a5 {[%emt 0:00:31]} 28. Ne2 {[%emt 0:00:44]} a4 {[%emt 0:00:46]} 29. Kh1 {[%emt 0:00:29]} a3 {[%emt 0:02:36]} 30. f4 {[%emt 0:00:22]} Qxe4 {[%emt 0:00:34]} 31. Ng3 {[%emt 0:00:21]} Qd4 {[%emt 0:00:28]} 32. f5 {[%emt 0:00:21]} Ng7 {[%emt 0:00:40]} 33. Rd1 {[%emt 0:01:21]} Qe5 {[%emt 0:01:07]} 34. fxg6 {[%emt 0:00:32]} hxg6 {[%emt 0:00:20]} 35. Ra1 {[%emt 0:00:20]} Bg4 {[%emt 0:01:11]} 36. Rd2 {[%emt 0:01:08]} Qe3 {[%emt 0:00:53]} 37. Qc2 {[%emt 0:01:12]} Nf5 {[%emt 0:00:30]} 38. Ne2 {[%emt 0:01:04]} Bxe2 {[%emt 0:00:45]} 39. Rxe2 {[%emt 0:00:21]} Nd4 {[%emt 0:00:54]} 40. Rxe3 {[%emt 0:00:21]} Nxc2 {[%emt 0:00:21]} 41. Rxe8+ {[%emt 0:00:20]} Rxe8 {[%emt 0:00:21]} 42. Ra2 {[%emt 0:00:20]} Ne3 {[%emt 0:00:34]} 43. Kg1 {[%emt 0:00:34]} Nxf1 {[%emt 0:00:21]} 44. Kxf1 {[%emt 0:00:20]} Re3 {[%emt 0:00:33]} 45. c5 {[%emt 0:00:28]} 0-1